zpět

Detail výsledku týmu

Pub Na Plech ČT - Žižkov, Praha

Datum a čas kvízu

24 Celkem bodů Celkový počet nahraných bodů na tomto kvízu bez doplňovacích otázek.
9. Pořadí na kvízu Konečné umístění týmu na tomto kvízu.

Zaznamenané odpovědi

# Otázka Odpověď Body Výsledky
1. Minulý týden byla spuštěna rek... Pokáč 1
2. Mezi Botswanou a jedním evrops... o Německu 0
3. Švédská společnost Pophouse mi... Kiss 0
4. Od 1. 4. 2024 se mění podmínky... A 0
5. V pondělí odpoledne bylo oznám... Formule 1 0
6. Zobrazený anglický lékař roku... William Harvey 0
7. Kterým slovem na M se označuje... menarche/menarché 0
8. Vyberte pravdivé tvrzení: D 0
9. Hemofilie je geneticky podmíně... Alexej; chromozom X 0.5
10. Někteří bezobratlí živočichové... hemolymfa; krvomíza 0.5